Statistics for Countries Closest to the Mid-Atlantic

Click here to take the quiz!

General Stats

  • This quiz has been taken 1,629 times
  • The average score is 15 of 20

Answer Stats

kmcountrymiles% Correct
1477Portugal918
93%
1931Spain1200
92%
2175Western Sahara / Morocco1352
91%
2934Brazil1823
90%
2501Senegal1554
85%
2662Gambia1654
80%
2200Mauritania1367
79%
2967Guinea1844
76%
2948Suriname1832
73%
2825St Lucia1755
72%
2757Barbados1713
71%
2795St Kitts and Nevis1737
71%
2891St Vincent and the Grenadines1796
71%
1692Cape Verde1052
70%
2768Dominica1720
70%
2740Guinea-Bissau1702
70%
2696Antigua and Barbuda1675
65%
2844Algeria1767
64%
2554Canada1587
61%
2795Sint Maarten1737
21%

Score Distribution

Percentile by Number Answered

Percent of People with Each Score

Your Score History

You have not taken this quiz